Kariérové poradenství by nemělo být popelkou
Perepojenie celoživotného vzdelávania a kariérového poradenstva. Inšpirácie zo zahraničia. Súťaž o Národnú cenu kariérového poradenstva v Čechách. Poradenské centrum na Masarykovej univerzite v Brne. Program s názvom Strategické plánovanie a inovácia poradenských služieb s cieľom zvyšovania kvality...
Na minha lista:
| Autor principal: | |
|---|---|
| Formato: | Capítulo de Livro |
| Idioma: | tcheco |
| Assuntos: | |
| Tags: |
Sem tags, seja o primeiro a adicionar uma tag!
|
MARC
| LEADER | 00000naa a2200000 4500 | ||
|---|---|---|---|
| 001 | 0198515 | ||
| 005 | 20231211122246.1 | ||
| 041 | 0 | |a cze | |
| 044 | |a CZ | ||
| 245 | 1 | 0 | |a Kariérové poradenství by nemělo být popelkou |c Alena Kazdová |
| 520 | |a Perepojenie celoživotného vzdelávania a kariérového poradenstva. Inšpirácie zo zahraničia. Súťaž o Národnú cenu kariérového poradenstva v Čechách. Poradenské centrum na Masarykovej univerzite v Brne. Program s názvom Strategické plánovanie a inovácia poradenských služieb s cieľom zvyšovania kvality vysokoškolského poradenstva v ČR. Súkromní kariéroví poradcovia. Prínosy kariérového poradenstva. | ||
| 610 | 2 | 0 | |a kariéra |
| 610 | 2 | 0 | |a poradenstvo |
| 610 | 2 | 0 | |a poradenstvo kariérové |
| 610 | 2 | 0 | |a trh práce |
| 610 | 2 | 0 | |a školy vysoké |
| 100 | 1 | |a Kazdová, Alena | |